00564nam a2200193 a 450000100060000000300080000600500170001400800410003103500190007204000320009104100080012308200260013124500570015726000480021430000250026250400290028765000190031670000350033570836BD-RjUL20211209082039.0170420s1968 enk b 000 0 eng d a(BD-RjUL)71050 aDLCcDLCdm.cdBD-RjULbeng aeng a155.232223bMAN 196810aMan and aggression /cedited by M. F. Ashley Montagu aNew York :bOxford University Press,c1968 axiv, 178 p. ;c22 cm aIncludes bibliographies  0aAggressiveness aMontagu, M. F. Ashley,qeditor